[Event "MSRCH16"]
[Site "?"]
[Date "2026.04.12"]
[Round "3.1"]
[White "Mazag, Martin"]
[Black "Ropovik, Samuel"]
[Result "1-0"]
[BlackElo "2072"]
[WhiteElo "1975"]
[LiveChessVersion "1.4.8"]

1. e4 {[%clk 1:30:58]} e5 {[%clk 1:30:54]} 2. Nf3 {[%clk 1:31:22]} Nc6
{[%clk 1:31:18]} 3. Bc4 {[%clk 1:31:46]} Nf6 {[%clk 1:31:37]} 4. d3
{[%clk 1:32:05]} h6 {[%clk 1:31:53]} 5. c3 {[%clk 1:32:12]} d6 {[%clk 1:31:02]}
6. O-O {[%clk 1:32:28]} g5 {[%clk 1:30:08]} 7. b4 {[%clk 1:28:01]} Bg7
{[%clk 1:23:16]} 8. Nbd2 {[%clk 1:23:33]} O-O {[%clk 1:19:41]} 9. Bb3
{[%clk 1:22:59]} Re8 {[%clk 1:06:03]} 10. Bb2 {[%clk 1:15:05]} d5
{[%clk 0:56:48]} 11. Qe2 {[%clk 1:13:38]} Be6 {[%clk 0:51:30]} 12. Rad1
{[%clk 1:09:13]} Nh7 {[%clk 0:45:13]} 13. exd5 {[%clk 1:03:30]} Bxd5
{[%clk 0:44:41]} 14. Bxd5 {[%clk 1:02:22]} Qxd5 {[%clk 0:44:53]} 15. Nb3
{[%clk 0:55:43]} a6 {[%clk 0:36:05]} 16. Rfe1 {[%clk 0:53:34]} Nf8
{[%clk 0:31:49]} 17. c4 {[%clk 0:52:28]} Qd6 {[%clk 0:30:13]} 18. a3
{[%clk 0:50:06]} f5 {[%clk 0:29:20]} 19. Qc2 {[%clk 0:46:35]} Ng6
{[%clk 0:26:51]} 20. b5 {[%clk 0:37:39]} axb5 {[%clk 0:24:23]} 21. cxb5
{[%clk 0:37:53]} Nce7 {[%clk 0:21:33]} 22. d4 {[%clk 0:32:36]} e4
{[%clk 0:21:20]} 23. Ne5 {[%clk 0:31:58]} Nd5 {[%clk 0:20:39]} 24. Qc4
{[%clk 0:30:20]} Kh7 {[%clk 0:16:55]} 25. Nc5 {[%clk 0:27:20]} Nb6
{[%clk 0:16:28]} 26. Qc2 {[%clk 0:26:52]} Qd5 {[%clk 0:16:42]} 27. f3
{[%clk 0:25:17]} exf3 {[%clk 0:15:12]} 28. Nxf3 {[%clk 0:25:44]} Rad8
{[%clk 0:12:21]} 29. Ne5 {[%clk 0:23:03]} Nc8 {[%clk 0:10:17]} 30. g4
{[%clk 0:20:04]} Nh4 {[%clk 0:08:42]} 31. gxf5 {[%clk 0:18:56]} Bxe5
{[%clk 0:07:51]} 32. dxe5 {[%clk 0:18:55]} Nf3+ {[%clk 0:08:04]} 33. Kf2
{[%clk 0:18:46]} Nxe1 {[%clk 0:08:01]} 34. Rxe1 {[%clk 0:17:22]} Qd2+
{[%clk 0:08:12]} 35. Re2 {[%clk 0:17:03]} Qxc2 {[%clk 0:06:11]} 36. Rxc2
{[%clk 0:17:31]} b6 {[%clk 0:00:46]} 37. Ne4 {[%clk 0:16:31]} Re7
{[%clk 0:00:32]} 38. f6 {[%clk 0:14:17]} Re6 {[%clk 0:00:51]} 39. Rxc7+
{[%clk 0:13:33]} Kg6 {[%clk 0:00:40]} 40. Ng3 {[%clk 0:09:26]} Rg8
{[%clk 0:00:32]} 41. Kf3 {[%clk 0:07:26]} Ree8 {[%clk 0:17:34]} 42. a4
{[%clk 0:22:46]} h5 {[%clk 0:17:32]} 43. Bd4 {[%clk 0:18:57]} Rd8
{[%clk 0:14:08]} 44. Ke4 {[%clk 0:18:37]} h4 {[%clk 0:13:14]} 45. Nf5
{[%clk 0:18:31]} Rge8 {[%clk 0:13:38]} 46. Rg7+ {[%clk 0:12:22]} Kh5
{[%clk 0:13:55]} 47. Be3 {[%clk 0:11:47]} Rg8 {[%clk 0:14:03]} 48. f7
{[%clk 0:11:05]} Rxg7 {[%clk 0:09:58]} 49. Nxg7+ {[%clk 0:11:31]} Kg4
{[%clk 0:10:14]} 50. Ne6 {[%clk 0:11:41]} Rh8 {[%clk 0:10:32]} 51. f8=Q
{[%clk 0:11:48]} Rxf8 {[%clk 0:11:00]} 52. Nxf8 {[%clk 0:12:09]} Kh3
{[%clk 0:11:22]} 53. Bxg5 {[%clk 0:12:27]} 1-0

[Event "MSRCH16"]
[Site "?"]
[Date "2026.04.12"]
[Round "3.2"]
[White "Simko, Jakub"]
[Black "Bartelt, Tobias"]
[Result "1/2-1/2"]
[BlackElo "1830"]
[WhiteElo "2025"]
[LiveChessVersion "1.4.8"]

1. d4 {[%clk 1:30:48]} d5 {[%clk 1:30:53]} 2. c4 {[%clk 1:31:08]} e6
{[%clk 1:31:18]} 3. Nc3 {[%clk 1:31:23]} c6 {[%clk 1:31:42]} 4. e3
{[%clk 1:29:48]} Nf6 {[%clk 1:30:06]} 5. Nf3 {[%clk 1:29:52]} Bd6
{[%clk 1:25:39]} 6. Bd3 {[%clk 1:28:55]} Nbd7 {[%clk 1:25:46]} 7. O-O
{[%clk 1:28:20]} dxc4 {[%clk 1:25:00]} 8. Bxc4 {[%clk 1:28:41]} b5
{[%clk 1:25:06]} 9. Bd3 {[%clk 1:28:13]} a6 {[%clk 1:25:28]} 10. e4
{[%clk 1:27:24]} e5 {[%clk 1:21:15]} 11. Qe2 {[%clk 1:26:03]} O-O
{[%clk 1:21:05]} 12. Bg5 {[%clk 1:24:20]} Re8 {[%clk 1:19:24]} 13. Rad1
{[%clk 1:15:51]} exd4 {[%clk 1:08:57]} 14. Nxd4 {[%clk 1:15:06]} Qc7
{[%clk 1:09:01]} 15. h3 {[%clk 1:13:23]} h6 {[%clk 1:08:43]} 16. Bxf6
{[%clk 1:07:59]} Nxf6 {[%clk 1:09:01]} 17. Qc2 {[%clk 1:05:34]} c5
{[%clk 1:05:46]} 18. Nf5 {[%clk 1:01:09]} Bxf5 {[%clk 0:58:59]} 19. exf5
{[%clk 1:00:59]} Rad8 {[%clk 0:50:23]} 1/2-1/2

[Event "MSRCH16"]
[Site "?"]
[Date "2026.04.12"]
[Round "3.3"]
[White "Holecko, Samuel"]
[Black "Vasko, Matej"]
[Result "1/2-1/2"]
[BlackElo "2013"]
[WhiteElo "1812"]
[LiveChessVersion "1.4.8"]

1. d4 {[%clk 1:30:38]} d5 {[%clk 1:30:24]} 2. c4 {[%clk 1:30:58]} e6
{[%clk 1:30:40]} 3. Nf3 {[%clk 1:31:22]} Nf6 {[%clk 1:30:34]} 4. g3
{[%clk 1:31:44]} dxc4 {[%clk 1:27:40]} 5. Bg2 {[%clk 1:31:19]} Nbd7
{[%clk 1:25:51]} 6. O-O {[%clk 1:28:11]} Rb8 {[%clk 1:19:28]} 7. a4
{[%clk 1:12:33]} a5 {[%clk 1:07:01]} 8. Nbd2 {[%clk 1:06:08]} b6 {[%clk 1:02:56]}
9. Nxc4 {[%clk 1:02:58]} Bb7 {[%clk 1:00:53]} 10. Qc2 {[%clk 1:00:35]} Nd5
{[%clk 0:56:53]} 11. Bd2 {[%clk 0:56:39]} Nb4 {[%clk 0:53:38]} 12. Bxb4
{[%clk 0:55:22]} Bxb4 {[%clk 0:53:50]} 13. Rac1 {[%clk 0:51:56]} O-O
{[%clk 0:52:38]} 14. Rfd1 {[%clk 0:30:43]} Nf6 {[%clk 0:43:01]} 1/2-1/2

[Event "MSRCH16"]
[Site "?"]
[Date "2026.04.12"]
[Round "3.4"]
[White "Meszaros, Casey Ryan"]
[Black "Havir, Adam"]
[Result "1-0"]
[BlackElo "1695"]
[WhiteElo "2204"]
[LiveChessVersion "1.4.8"]

1. b3 {[%clk 1:30:36]} d5 {[%clk 1:29:56]} 2. Bb2 {[%clk 1:30:54]} e6
{[%clk 1:29:14]} 3. Nf3 {[%clk 1:31:07]} Nd7 {[%clk 1:29:00]} 4. c4
{[%clk 1:29:51]} c6 {[%clk 1:27:12]} 5. g3 {[%clk 1:29:24]} Ngf6 {[%clk 1:26:19]}
6. Bg2 {[%clk 1:29:29]} Be7 {[%clk 1:26:08]} 7. O-O {[%clk 1:29:25]} O-O
{[%clk 1:25:48]} 8. d4 {[%clk 1:21:34]} c5 {[%clk 1:19:48]} 9. cxd5
{[%clk 0:59:40]} Nxd5 {[%clk 1:18:22]} 10. e4 {[%clk 0:56:22]} N5f6
{[%clk 1:16:30]} 11. Nc3 {[%clk 0:53:49]} b6 {[%clk 1:11:37]} 12. d5
{[%clk 0:46:22]} exd5 {[%clk 1:07:25]} 13. e5 {[%clk 0:44:17]} Ne8
{[%clk 0:55:00]} 14. Qxd5 {[%clk 0:43:05]} Nc7 {[%clk 0:53:45]} 15. Qc6
{[%clk 0:42:36]} Nb8 {[%clk 0:46:22]} 16. Qe4 {[%clk 0:39:31]} Qe8
{[%clk 0:44:47]} 17. Nd2 {[%clk 0:28:08]} Bd7 {[%clk 0:41:10]} 18. Qf4
{[%clk 0:16:43]} Bc6 {[%clk 0:41:10]} 19. Nce4 {[%clk 0:16:40]} Ne6
{[%clk 0:32:47]} 20. Qg4 {[%clk 0:16:54]} Kh8 {[%clk 0:30:26]} 21. f4
{[%clk 0:15:34]} Qc8 {[%clk 0:24:09]} 22. f5 {[%clk 0:14:02]} Nc7
{[%clk 0:24:11]} 23. Qh5 {[%clk 0:13:13]} f6 {[%clk 0:22:41]} 24. exf6
{[%clk 0:12:40]} Bxf6 {[%clk 0:22:53]} 25. Nxf6 {[%clk 0:12:36]} gxf6
{[%clk 0:23:09]} 26. Ne4 {[%clk 0:10:05]} Ne8 {[%clk 0:20:04]} 27. Qh6
{[%clk 0:09:13]} Nd7 {[%clk 0:18:23]} 28. Ng5 {[%clk 0:09:21]} 1-0

[Event "MSRCH16"]
[Site "?"]
[Date "2026.04.12"]
[Round "3.5"]
[White "Sekera, Timotej"]
[Black "Durovka, Marek"]
[Result "1/2-1/2"]
[BlackElo "2054"]
[WhiteElo "1916"]
[LiveChessVersion "1.4.8"]

1. e4 {[%clk 1:30:57]} c5 {[%clk 1:30:47]} 2. Nf3 {[%clk 1:31:19]} Nc6
{[%clk 1:31:09]} 3. d4 {[%clk 1:31:40]} cxd4 {[%clk 1:31:32]} 4. Nxd4
{[%clk 1:32:02]} Nf6 {[%clk 1:31:29]} 5. Nc3 {[%clk 1:32:22]} d6 {[%clk 1:31:52]}
6. Bc4 {[%clk 1:32:41]} Qb6 {[%clk 1:31:38]} 7. Be3 {[%clk 1:32:11]} Ng4
{[%clk 0:57:30]} 8. Nd5 {[%clk 1:19:48]} Qa5+ {[%clk 0:35:46]} 9. b4
{[%clk 1:16:01]} Nxe3 {[%clk 0:24:07]} 10. bxa5 {[%clk 1:14:10]} Nxd1
{[%clk 0:24:31]} 11. Rxd1 {[%clk 1:14:30]} Kd8 {[%clk 0:23:12]} 12. Nxc6+
{[%clk 1:08:03]} bxc6 {[%clk 0:22:50]} 13. Nb4 {[%clk 1:08:22]} Bd7
{[%clk 0:20:48]} 14. Bxf7 {[%clk 1:06:44]} e6 {[%clk 0:20:38]} 15. Bh5
{[%clk 1:06:28]} d5 {[%clk 0:14:21]} 16. Nd3 {[%clk 1:06:34]} Bd6
{[%clk 0:14:02]} 17. exd5 {[%clk 0:57:13]} cxd5 {[%clk 0:13:48]} 18. f4
{[%clk 0:57:26]} Rc8 {[%clk 0:13:33]} 19. Ne5 {[%clk 0:46:57]} Bxe5
{[%clk 0:13:16]} 20. fxe5 {[%clk 0:47:18]} Rf8 {[%clk 0:12:52]} 21. Rd2
{[%clk 0:42:22]} Rf5 {[%clk 0:12:40]} 22. Bf3 {[%clk 0:40:55]} Rxe5+
{[%clk 0:12:09]} 23. Kf2 {[%clk 0:41:15]} Rc5 {[%clk 0:08:11]} 24. Re1
{[%clk 0:38:25]} Rxe1 {[%clk 0:08:11]} 25. Kxe1 {[%clk 0:38:46]} Rxa5
{[%clk 0:07:46]} 26. c4 {[%clk 0:39:06]} Bc6 {[%clk 0:07:10]} 27. Ke2
{[%clk 0:37:35]} Ke7 {[%clk 0:04:06]} 28. cxd5 {[%clk 0:36:30]} Bxd5
{[%clk 0:04:23]} 29. Bxd5 {[%clk 0:36:52]} Rxd5 {[%clk 0:02:38]} 30. Rb2
{[%clk 0:36:45]} Ra5 {[%clk 0:03:03]} 31. Ke3 {[%clk 0:34:48]} e5
{[%clk 0:01:39]} 32. Ke4 {[%clk 0:32:46]} Ke6 {[%clk 0:02:05]} 33. Rd2
{[%clk 0:32:48]} Ra4+ {[%clk 0:02:17]} 34. Ke3 {[%clk 0:33:07]} Ra3+
{[%clk 0:02:19]} 35. Ke4 1/2-1/2

[Event "MSRCH16"]
[Site "?"]
[Date "2026.04.12"]
[Round "3.6"]
[White "Klenko, David"]
[Black "Jursa, Juraj"]
[Result "0-1"]
[BlackElo "2001"]
[WhiteElo "1783"]
[LiveChessVersion "1.4.8"]

1. e4 {[%clk 1:30:53]} e5 {[%clk 1:30:10]} 2. Nf3 {[%clk 1:31:02]} Nf6
{[%clk 1:30:29]} 3. Nxe5 {[%clk 1:30:41]} d6 {[%clk 1:30:53]} 4. Nf3
{[%clk 1:31:03]} Nxe4 {[%clk 1:31:17]} 5. d4 {[%clk 1:31:15]} d5 {[%clk 1:31:40]}
6. c3 {[%clk 1:29:46]} Be7 {[%clk 1:30:22]} 7. Be3 {[%clk 1:27:58]} Bg4
{[%clk 1:28:21]} 8. Nbd2 {[%clk 1:26:50]} Nc6 {[%clk 1:27:45]} 9. Qb3
{[%clk 1:24:37]} Rb8 {[%clk 1:22:36]} 10. Nxe4 {[%clk 1:18:21]} dxe4
{[%clk 1:22:42]} 11. Nd2 {[%clk 1:15:55]} Bf5 12. Bc4 {[%clk 1:13:25]} O-O
{[%clk 1:10:26]} 13. O-O-O {[%clk 0:55:24]} b5 {[%clk 1:09:09]} 14. Be2 Na5
{[%clk 0:55:43]} 15. Qc2 {[%clk 0:54:24]} Qd5 {[%clk 0:38:56]} 16. Nb3
{[%clk 0:50:18]} Nc4 {[%clk 0:35:34]} 17. Bxc4 {[%clk 0:42:14]} bxc4
{[%clk 0:35:52]} 18. Nc5 {[%clk 0:41:52]} Rb5 {[%clk 0:30:12]} 19. Qa4
{[%clk 0:36:28]} Rfb8 {[%clk 0:20:08]} 20. b3 {[%clk 0:30:31]} Be6
{[%clk 0:08:18]} 21. Nxe6 {[%clk 0:27:58]} Qxe6 {[%clk 0:05:46]} 22. b4
{[%clk 0:27:27]} Qd5 {[%clk 0:03:37]} 23. Qc2 {[%clk 0:26:09]} a5
{[%clk 0:03:25]} 24. a4 {[%clk 0:24:37]} R5b7 {[%clk 0:03:36]} 25. b5
{[%clk 0:23:34]} c6 {[%clk 0:03:46]} 26. Bf4 Rc8 {[%clk 0:03:08]} 27. bxc6
{[%clk 0:19:33]} Rxc6 {[%clk 0:03:34]} 28. Kd2 {[%clk 0:19:43]} Bg5
{[%clk 0:03:25]} 29. Be3 {[%clk 0:19:25]} Bxe3+ {[%clk 0:03:27]} 30. fxe3
{[%clk 0:19:54]} Rg6 {[%clk 0:02:22]} 31. g3 {[%clk 0:19:23]} h6 {[%clk 0:01:37]}
32. Rb1 {[%clk 0:19:07]} Rxb1 {[%clk 0:01:38]} 33. Rxb1 {[%clk 0:19:35]} Qf5
{[%clk 0:01:52]} 34. Qd1 {[%clk 0:19:07]} Rf6 {[%clk 0:01:45]} 35. Qe2
{[%clk 0:18:42]} Qd7 {[%clk 0:01:19]} 36. Rb5 {[%clk 0:18:12]} Qd6
{[%clk 0:01:33]} 37. Rc5 {[%clk 0:17:16]} Qb6 {[%clk 0:01:52]} 38. Rb5
{[%clk 0:17:40]} Qd6 {[%clk 0:02:08]} 39. Rc5 {[%clk 0:17:59]} Rf3
{[%clk 0:02:07]} 40. Ke1 {[%clk 0:14:39]} Qf6 {[%clk 0:01:38]} 41. Rxa5
{[%clk 0:13:29]} Qd6 {[%clk 0:26:14]} 42. Rc5 {[%clk 0:41:41]} h5
{[%clk 0:20:56]} 43. Kd2 {[%clk 0:33:12]} Qf6 {[%clk 0:12:47]} 44. Ke1
{[%clk 0:32:24]} h4 {[%clk 0:12:48]} 45. g4 h3 {[%clk 0:12:04]} 46. g5
{[%clk 0:31:05]} Qe6 {[%clk 0:12:00]} 47. Qxc4 {[%clk 0:16:00]} Qg4
{[%clk 0:10:34]} 48. Rc8+ {[%clk 0:10:48]} Kh7 {[%clk 0:10:50]} 49. g6+
{[%clk 0:10:11]} Qxg6 {[%clk 0:11:07]} 50. Qe2 {[%clk 0:10:16]} Qg1+
{[%clk 0:11:25]} 0-1

[Event "MSRCH16"]
[Site "?"]
[Date "2026.04.12"]
[Round "3.7"]
[White "Ondreicka, Roman"]
[Black "Kriscak, Simon"]
[Result "1/2-1/2"]
[BlackElo "1773"]
[WhiteElo "1999"]
[LiveChessVersion "1.4.8"]

1. d4 {[%clk 1:30:40]} d5 {[%clk 1:30:55]} 2. Nf3 {[%clk 1:30:47]} Nf6
{[%clk 1:31:17]} 3. e3 {[%clk 1:30:13]} c5 {[%clk 1:31:03]} 4. c4
{[%clk 1:28:48]} dxc4 {[%clk 1:27:13]} 5. Bxc4 {[%clk 1:29:07]} Bf5
{[%clk 1:26:45]} 6. Qb3 {[%clk 1:11:08]} e6 {[%clk 1:22:53]} 7. Qxb7
{[%clk 1:06:46]} Nbd7 {[%clk 1:21:15]} 8. Qb3 {[%clk 1:05:57]} Rb8
{[%clk 1:20:35]} 9. Qd1 {[%clk 1:05:52]} Be7 {[%clk 1:19:13]} 10. O-O
{[%clk 1:05:50]} O-O {[%clk 1:19:16]} 11. Nc3 {[%clk 1:05:06]} Bg4
{[%clk 1:18:28]} 12. h3 {[%clk 0:58:22]} cxd4 {[%clk 1:12:12]} 13. exd4
{[%clk 0:57:17]} Bxf3 {[%clk 1:11:38]} 14. Qxf3 {[%clk 0:57:24]} Nb6
{[%clk 1:12:01]} 15. Bb3 {[%clk 0:51:31]} Qxd4 {[%clk 1:08:42]} 16. Be3
{[%clk 0:51:13]} Qh4 {[%clk 1:07:21]} 17. Rfd1 {[%clk 0:49:27]} Rfd8
{[%clk 1:06:12]} 18. Rac1 {[%clk 0:46:55]} h6 {[%clk 0:58:11]} 19. Rxd8+
{[%clk 0:33:48]} Rxd8 {[%clk 0:57:20]} 20. Nb5 {[%clk 0:34:02]} Nfd5
{[%clk 0:47:01]} 21. Nxa7 {[%clk 0:17:33]} Nxe3 {[%clk 0:46:34]} 22. fxe3
{[%clk 0:17:59]} Bf6 {[%clk 0:46:15]} 23. Rf1 {[%clk 0:15:02]} Rd7
{[%clk 0:43:47]} 24. Nb5 {[%clk 0:13:01]} Rd2 {[%clk 0:36:43]} 25. Rf2
{[%clk 0:13:24]} Rxb2 {[%clk 0:35:35]} 26. Rxb2 {[%clk 0:09:31]} Bxb2
{[%clk 0:35:33]} 27. Qf2 {[%clk 0:09:52]} Qxf2+ {[%clk 0:33:19]} 28. Kxf2
{[%clk 0:10:18]} Kf8 {[%clk 0:32:44]} 29. a4 {[%clk 0:10:22]} Be5
{[%clk 0:31:44]} 30. Na7 {[%clk 0:05:21]} Bb8 {[%clk 0:31:07]} 31. Nc6
{[%clk 0:05:36]} Bc7 {[%clk 0:31:26]} 32. a5 {[%clk 0:04:59]} Nc8
{[%clk 0:31:45]} 33. Ba4 {[%clk 0:04:24]} Ne7 {[%clk 0:31:52]} 34. Nxe7
{[%clk 0:03:13]} Kxe7 {[%clk 0:32:17]} 35. a6 {[%clk 0:03:40]} Bb6
{[%clk 0:32:44]} 36. Bb5 {[%clk 0:04:06]} Kd6 {[%clk 0:33:01]} 37. Kf3
{[%clk 0:04:19]} Ke5 {[%clk 0:32:53]} 38. Ke2 {[%clk 0:04:06]} f5
{[%clk 0:32:25]} 39. Kf3 {[%clk 0:02:58]} g5 {[%clk 0:32:09]} 40. Bd3
{[%clk 0:02:54]} h5 {[%clk 0:31:57]} 1/2-1/2

[Event "MSRCH16"]
[Site "?"]
[Date "2026.04.12"]
[Round "3.8"]
[White "Janoska, Peter"]
[Black "Sekerak, Filip"]
[Result "1-0"]
[BlackElo "1764"]
[WhiteElo "1953"]
[LiveChessVersion "1.4.8"]

1. e4 {[%clk 1:30:57]} e5 {[%clk 1:30:59]} 2. Nf3 {[%clk 1:31:22]} Nc6
{[%clk 1:31:20]} 3. Bc4 {[%clk 1:31:46]} Bc5 {[%clk 1:31:48]} 4. c3
{[%clk 1:31:57]} Nf6 {[%clk 1:32:15]} 5. d3 {[%clk 1:32:09]} d6 {[%clk 1:32:36]}
6. Nbd2 {[%clk 1:31:07]} Be6 {[%clk 1:32:08]} 7. Bxe6 {[%clk 1:27:42]} fxe6
{[%clk 1:32:30]} 8. Qb3 {[%clk 1:26:21]} Qc8 {[%clk 1:27:15]} 9. Nc4
{[%clk 1:23:17]} O-O {[%clk 1:25:41]} 10. O-O {[%clk 1:22:37]} Rb8
{[%clk 1:17:43]} 11. a4 {[%clk 1:17:28]} Qe8 {[%clk 1:13:40]} 12. Be3
{[%clk 1:11:59]} Bxe3 {[%clk 1:11:19]} 13. Nxe3 {[%clk 1:11:55]} Nh5
{[%clk 1:08:50]} 14. Rad1 {[%clk 0:54:35]} Qg6 {[%clk 1:06:23]} 15. Nh4
{[%clk 0:50:41]} Qf6 {[%clk 1:02:28]} 16. g3 {[%clk 0:43:39]} Kh8
{[%clk 0:55:14]} 17. Nhg2 {[%clk 0:36:52]} g5 {[%clk 0:52:14]} 18. Qc4
{[%clk 0:33:18]} Rg8 {[%clk 0:47:30]} 19. f3 {[%clk 0:32:11]} Rbf8
{[%clk 0:43:56]} 20. b4 {[%clk 0:31:17]} Qe7 {[%clk 0:43:36]} 21. a5
{[%clk 0:28:46]} a6 {[%clk 0:42:50]} 22. d4 {[%clk 0:27:02]} Nf6 {[%clk 0:37:53]}
23. d5 {[%clk 0:22:56]} exd5 {[%clk 0:37:50]} 24. exd5 {[%clk 0:22:59]} Na7
{[%clk 0:37:25]} 25. Nf5 {[%clk 0:21:15]} Qd7 {[%clk 0:37:43]} 26. g4
{[%clk 0:21:10]} Nb5 {[%clk 0:34:23]} 27. Qd3 {[%clk 0:18:50]} Nh5
{[%clk 0:32:48]} 28. c4 {[%clk 0:17:44]} Na7 {[%clk 0:33:15]} 29. Rb1
{[%clk 0:14:03]} Nf4 {[%clk 0:33:34]} 30. Nxf4 {[%clk 0:13:36]} gxf4
{[%clk 0:33:58]} 31. Kf2 {[%clk 0:12:47]} b6 {[%clk 0:29:45]} 32. axb6
{[%clk 0:09:56]} cxb6 {[%clk 0:30:04]} 33. Ra1 {[%clk 0:10:11]} a5
{[%clk 0:28:45]} 34. bxa5 {[%clk 0:10:27]} bxa5 {[%clk 0:29:04]} 35. Rxa5
{[%clk 0:09:47]} Rb8 {[%clk 0:28:59]} 36. Qa3 {[%clk 0:08:13]} Nc8
{[%clk 0:26:56]} 37. Re1 {[%clk 0:07:20]} Qc7 {[%clk 0:26:23]} 38. Re4
{[%clk 0:05:36]} Qb6+ {[%clk 0:26:04]} 39. c5 {[%clk 0:05:10]} dxc5
{[%clk 0:25:24]} 40. Qxc5 {[%clk 0:04:17]} Qb1 {[%clk 0:23:23]} 41. Qc3
{[%clk 0:26:00]} Re8 {[%clk 0:52:45]} 42. Re1 {[%clk 0:21:52]} Qb7
{[%clk 0:50:57]} 43. Rc5 {[%clk 0:18:34]} Ra8 {[%clk 0:49:12]} 44. Rxe5
{[%clk 0:17:00]} Rxe5 {[%clk 0:47:34]} 45. Qxe5+ {[%clk 0:16:33]} Kg8
{[%clk 0:48:01]} 46. Qe8# {[%clk 0:16:39]} 1-0

[Event "MSRCH16"]
[Site "?"]
[Date "2026.04.12"]
[Round "3.9"]
[White "Sichnenko, Grigorij"]
[Black "Bernard, Matthias"]
[Result "1-0"]
[BlackElo "1696"]
[WhiteElo "2062"]
[LiveChessVersion "1.4.8"]

1. e4 {[%clk 1:27:28]} e5 {[%clk 1:30:30]} 2. Nc3 {[%clk 1:27:40]} Nf6
{[%clk 1:30:44]} 3. f4 {[%clk 1:28:02]} d5 {[%clk 1:30:46]} 4. fxe5
{[%clk 1:28:08]} Nxe4 {[%clk 1:29:46]} 5. Nf3 {[%clk 1:26:48]} Bc5
{[%clk 1:25:46]} 6. d4 {[%clk 1:23:36]} Bb4 {[%clk 1:22:27]} 7. Bd2
{[%clk 1:20:32]} Bxc3 {[%clk 1:20:11]} 8. bxc3 {[%clk 1:18:59]} O-O
{[%clk 1:16:29]} 9. Bd3 {[%clk 1:16:30]} c6 {[%clk 1:10:40]} 10. O-O
{[%clk 1:14:24]} Bg4 {[%clk 1:05:24]} 11. Qe1 {[%clk 1:08:50]} Nxd2
{[%clk 1:00:09]} 12. Qxd2 {[%clk 1:08:20]} Nd7 {[%clk 0:56:43]} 13. Ng5
{[%clk 0:45:55]} g6 {[%clk 0:36:31]} 14. Qf4 {[%clk 0:40:05]} f6 {[%clk 0:31:05]}
15. Nxh7 {[%clk 0:36:53]} Kxh7 {[%clk 0:28:17]} 16. Bxg6+ {[%clk 0:34:01]} Kxg6
{[%clk 0:23:32]} 17. Qxg4+ {[%clk 0:34:24]} Kf7 {[%clk 0:23:32]} 18. e6+
{[%clk 0:28:39]} Ke7 {[%clk 0:21:30]} 19. Rae1 {[%clk 0:25:49]} Nb6
{[%clk 0:18:08]} 20. Qg7+ {[%clk 0:25:38]} Kd6 {[%clk 0:17:36]} 21. e7
{[%clk 0:25:51]} Qe8 {[%clk 0:17:19]} 22. exf8=Q+ 1-0